00540nam a22001577a 450000500170000001000150001702000260003203500140005803700130007208200120008510000240009724500770012126000680019827000900026630000260035620230918141512.0 aENG-138099 a9789356066281c599.00 aEN-121631 bDBAD/PUB a629.250 aHalderman, James D. aElectric and Hybrid Electric Vehicles/cJames D. Halderman and Curt Ward aUttar PradeshbPearson India Education Services Pvt. Ltd.c2023 a1st Floor, Berger Tower, Plot No. C-001A/2, Sector 16BbNoida (Uttar Pradesh)e201301 a313c26cm(pbk)bIndex